al-Marʼah fī al-turāth al-Miṣrī /
Saved in:
| Corporate Author: | |
|---|---|
| Format: | Book |
| Language: | Arabic |
| Published: |
[Cairo] :
al-Majlis al-Aʻlá lil-Thaqāfah, Jamʻīyat al-Muḥāfaẓah ʻalá al-Turāth al-Miṣrī,
2010.
|
| Subjects: | |
| Tags: |
Add Tag
No Tags, Be the first to tag this record!
|
| LEADER | 01782cam a2200337 a 4500 | ||
|---|---|---|---|
| 001 | 012355949-9 | ||
| 005 | 20110527145150.0 | ||
| 008 | 100812s2010 ua a b 100 0darard | ||
| 010 | |a 2010322691 | ||
| 035 | 0 | |a ocn640146949 | |
| 040 | |a MEAUC |c MEAUC |d MEAUC |d IUL |d IXA |d DLC | ||
| 042 | |a lccopycat |a lcode | ||
| 043 | |a f-ua--- | ||
| 050 | 0 | 0 | |a HQ1793 |b .M377 2010 |
| 245 | 0 | 3 | |6 880-01 |a al-Marʼah fī al-turāth al-Miṣrī / |c Jamʻīyat al-Muḥāfaẓah ʻalá al-Turāth. |
| 260 | |6 880-02 |a [Cairo] : |b al-Majlis al-Aʻlá lil-Thaqāfah, Jamʻīyat al-Muḥāfaẓah ʻalá al-Turāth al-Miṣrī, |c 2010. | ||
| 300 | |a 270 p. : |b ill. (some col.) ; |c 25 cm. | ||
| 504 | |a Includes bibliographical references. | ||
| 500 | |a "Aʻmāl al-Muʼtamar al-Sanawī al-Thānī." | ||
| 500 | |6 880-03 |a At head of title: al-Majlis al-Aʻlá lil-Thaqāfah. Jamʻīyat al-Muḥāfaẓah ʻalá al-Turāth al-Miṣrī. | ||
| 650 | 0 | |a Women |z Egypt |v Congresses. | |
| 650 | 0 | |a Women |z Egypt |x Social life and customs |v Congresses. | |
| 710 | 2 | |6 880-04 |a Majlis al-Aʻlá lil-Thaqāfah (Egypt). |b Jamʻīyat al-Muḥāfaẓah ʻalá al-Turāth al-Miṣrī. | |
| 752 | |a Egypt |d Cairo. | ||
| 880 | 0 | 2 | |6 245-01 |a المرأة في التراث المصري / |c جمعية المحافظة على التراث. |
| 880 | |6 260-02 |a [القاهرة] : |b المجلس الأعلى للثقافة، جمعية المحافظة على التراث المصري، |c 2010. | ||
| 880 | |6 500-03 |a At head of title: المجلس الأعلى للثقافة. جمعية المحافظة على التراث المصري. | ||
| 880 | 2 | |6 710-04 |a مجلس الاعلى للثقافة (مصر). |b جمعية المحافظة على التراث المصري. | |
| 899 | |a 415_565960 | ||
| 988 | |a 20100526 | ||
| 906 | |0 OCLC | ||


